000 00879nam a22003017a 4500
003 CHAP
005 20220329134140.0
008 971013s1937 r 00010 d
010 _a16139
011 _a17111
035 _a21194
040 _cCHAP
082 _a631.43
_bH6
100 0 0 _aHogentogler, C. A.
_955826
245 _aEngineering properties of soil
260 _aNew York :
_bMcGraw-Hill,
_c1937
300 _a434 p.
_b: ilus.
590 _aBATCH-UPD
_b10
_c20130110
_lUCH01
_h1513
590 _aBATCH-UPD
_b10
_c20130410
_lUCH01
_h0929
590 _aBATCH-UPD
_b10
_c20130914
_lUCH01
_h2034
590 _aCONVERSION
_b10
_c20130109
_lUCH01
_h1310
650 1 4 _aSuelos.
_9110191
650 1 4 _aSuelos
_xFísica de.
_9110373
650 1 4 _aSuelos
_xIngeniería.
_9110401
901 _aBK
942 _cLIBRO
949 _a631.43 H6
_bBC
_cBPP
_d-49385
_eBPP
_h28139
_i21194
_mD
_si
999 _c16139
_d16139